Nommez ces catcheurs - Statistiques

Statistiques générales
  • Ce quiz a été pris 1 449 fois
  • Le résultat moyen est 13 sur 16
Statistiques - réponses
Par images Réponse % Correct
John Cena
99%
Dwayne Johnson
96%
Dave Bautista
95%
André The Giant
92%
Randy Orton
89%
Brock Lesnar
88%
Hulk Hogan
87%
The Undertaker
87%
Triple H
85%
Roman Reigns
83%
Ric Flair
81%
Shawn Michaels
79%
Stone Cold Steve Austin
68%
Bret Hart
66%
Randy Savage
54%
Lou Thesz
5%
Aucun quiz correspondant
Distribution des résultats
% des personnes avec chaque résultat
Percentile par nombre de réponses
Votre historique - résultats
Vous n’avez pas pris ce quiz